000 00336nam a2200133Ia 4500
008 240624s9999 xx 000 0 und d
041 _aeng
082 _a823 ADI
100 _aADICHIE CHIMAMANDA NGOZI
245 _aHALF OF A YELLOW SUN
260 _c2011
_aNew Delhi
_bHarperCollins
300 _a433 : p. : cm. ; 21
365 _cRS
_b25
999 _c18554
_d18554